[Event "CRO-ch U15"]
[Site "Trogir"]
[Date "2022.06.25"]
[Round "6"]
[White "Krizanic, Petar"]
[Black "Katic, Gabriel"]
[Result "1-0"]
[WhiteElo "1508"]
[BlackElo "1343"]
[PlyCount "83"]
[EventDate "2022.06.22"]
[EventType "swiss"]
[EventRounds "9"]
[EventCountry "CRO"]
[SourceTitle "CBM 209 Extra"]
[Source "ChessBase"]
[SourceDate "2022.09.30"]
[SourceVersion "1"]
[SourceVersionDate "2022.09.30"]
[SourceQuality "1"]

1. e4 e5 2. f4 exf4 3. Nf3 Nc6 4. d4 Nf6 5. Nc3 Bb4 6. Bd3 d5 7. exd5 Nxd5 8. Bd2 Nxc3 9. bxc3 Bd6 10. 0-0 0-0 11. c4 b6 12. c3 Bg4 13. Qc2 h6 14. Be4 Qd7 15. Nh4 Rad8 16. Nf5 Bxf5 17. Bxf5 Qe7 18. Rf3 Na5 19. Bd3 Qg5 20. Raf1 Nc6 21. Bxf4 Bxf4 22. Rxf4 Rde8 23. Qf2 Nd8 24. Rf3 Kh8 25. Rg3 Qe7 26. Qf5 g6 27. Qf4 Kg7 28. h4 h5 29. Kh1 Ne6 30. Qe5+ Kg8 31. Qxh5 Ng7 32. Qg4 Qd6 33. Rgf3 Re7 34. Rf6 Re6 35. R6f3 c6 36. c5 bxc5 37. Bc4 Re7 38. Rf6 Qd7 39. Qxg6 cxd4 40. Qg5 Re3 41. Bxf7+ Rxf7 42. Rxf7 1-0

[Event "CRO-ch U13"]
[Site "Trogir"]
[Date "2021.06.19"]
[Round "2"]
[White "Sundac, Ivano"]
[Black "Katic, Gabriel"]
[Result "1-0"]
[WhiteElo "1742"]
[BlackElo "1267"]
[PlyCount "65"]
[EventDate "2021.06.18"]
[EventType "swiss"]
[EventRounds "9"]
[EventCountry "CRO"]
[SourceTitle "EXT 2022"]
[Source "ChessBase"]
[SourceDate "2021.10.06"]
[SourceVersion "1"]
[SourceVersionDate "2021.10.06"]
[SourceQuality "1"]

1. Nf3 Nc6 2. d4 d5 3. Bf4 Bf5 4. e3 e6 5. a3 Bd6 6. c4 Nf6 7. Bxd6 cxd6 8. Nc3 dxc4 9. Bxc4 d5 10. Bb5 0-0 11. Bxc6 bxc6 12. Ne5 Qd6 13. Rc1 Nd7 14. Nxd7 Qxd7 15. h4 h6 16. g4 Bg6 17. f4 f6 18. Rg1 Qe7 19. g5 h5 20. Ne2 Be8 21. gxf6 Qxf6 22. Rg5 g6 23. Ng3 Kh7 24. Qd3 Kh6 25. Rc2 Rg8 26. Nxh5 gxh5 27. Rxg8 Qxh4+ 28. Rf2 Qh1+ 29. Kd2 Qh4 30. Rh8+ Kg7 31. Qh7+ Kf6 32. Rf8+ Bf7 33. Rxf7# 1-0